|
|
|
|
| LEADER |
01376nam a2200325 u 4500 |
| 001 |
10111066 |
| 003 |
upatras |
| 005 |
20241206111710.0 |
| 008 |
131224s2010 us eng |
| 020 |
|
|
|a 9780199544820
|
| 040 |
|
|
|a GR-PaULI
|c GR-PaULI
|
| 041 |
0 |
|
|a eng
|
| 082 |
0 |
4 |
|a 341.242 2
|
| 245 |
1 |
0 |
|a Policy-making in the European Union
|c ; edited by: Helen Wallace, Mark A. Pollack, and Alasdair R. Young
|
| 250 |
|
|
|a 6th ed.
|
| 260 |
|
|
|a Oxford
|b Oxford University Press
|c 2010
|
| 300 |
|
|
|a xlii, 597 p.
|b tabl.
|c 25 cm.
|
| 490 |
0 |
|
|a The new European Union series
|
| 504 |
|
|
|a Includes bibliographical references and index
|
| 610 |
|
0 |
|a Ευρωπαϊκή Ένωση
|x Πολιτική και Διακυβέρνηση
|9 16527
|
| 650 |
|
4 |
|a Πολιτικός σχεδιασμός
|z Ευρωπαϊκή Ένωση, Χώρες της
|9 102457
|
| 700 |
1 |
|
|a Wallace, Helen S.
|4 edt
|9 135154
|
| 700 |
1 |
|
|a Pollack, Mark A.
|d 1966-
|4 edt
|9 135155
|
| 700 |
1 |
|
|a Young, Alasdair R.
|4 edt
|9 135156
|
| 760 |
0 |
|
|a The new European Union series
|
| 852 |
|
|
|a GR-PaULI
|b ΠΑΤΡΑ
|b ΠΤΔΕ
|k ΑΣΧΞ
|h 341.242 2 WAL
|m 11339
|p 025000211034
|t 1
|
| 942 |
|
|
|2 ddc
|c BK15
|
| 952 |
|
|
|0 0
|1 0
|4 0
|6 341_242000000000000_2_WAL
|7 0
|9 159785
|a PTDE
|b PTDE
|d 2016-04-24
|i 11339
|l 0
|o 341.242 2 WAL
|p 025000211034
|r 2016-04-24 00:00:00
|t 1
|w 2016-04-24
|y BK15
|
| 998 |
|
|
|c ΤΣΕΝΕ
|d 2013-12
|
| 999 |
|
|
|c 100687
|d 100687
|